000 00346nam a22001457a 4500
999 _c256713
_d256712
003 OSt
005 20180220105851.0
008 180220b xxu||||| |||| 00| 0 eng d
020 _a978-0-515-13387-5
040 _cN/a
100 _aLaurell k..Hamilton
245 _aNarcissus in chains
260 _aUSA
_bPenguin group
_c2001
942 _2lcc
_cBK